Manual de procedimiento administrativo
Descripción Física:
291 p. ; 21 cm
MARC
| LEADER | 00000nam a2200000Ia 4500 | ||
|---|---|---|---|
| 001 | 10963 | ||
| 008 | 160829s1960 xx 000 0 cat d | ||
| 080 | |a M-2-221 | ||
| 245 | |a Manual de procedimiento administrativo | ||
| 260 | |a Madrid : |b Centro de Formación y Perfeccionamiento de Funcionarios, |c 1960 | ||
| 300 | |a 291 p. ; |c 21 cm | ||
| 650 | 0 | |a Administració local |9 34286 | |
| 650 | 0 | |a Procediment administratiu |z Espanya |9 19587 | |
| 710 | 2 | |a Centro de Formación y Perfeccionamiento de Funcionarios (Alcalá de Henares, Madrid) |9 54841 | |
| 901 | |a Arxiu | ||
| 942 | |n 1 | ||
| 952 | |0 0 |1 0 |4 0 |6 M2221 |7 1 |9 43843 |a Arxiu |b Arxiu |d 2016-12-01 |l 0 |o M-2-221 |p 10963 |r 2016-12-01 00:00:00 |w 2016-12-01 |y ARXIU | ||
| 999 | |c 46422 |d 46422 | ||